000
00217nam a22000857a 4500
008
160705b xxu||||| |||| 00| 0 eng d
100
_9
2080
_a
Freitas, F.C
245
_a
Bapu
260
_a
New Delhi
_b
National Book Trust
_c
1970
999
_c
1776
_d
1776